000 00498nam a2200181Ia 4500
003 OSt
005 20240829142315.0
008 230314s9999 xx 000 0 und d
020 _a978-93-92242-12-0
041 _aeng
082 _aB/612.015/KAU/DB1061
100 _aKaur Amandeep
_9180620
245 _aTextbook of Applied Biochemistry for BSc Nursing Students
260 _bVision Health Sciences Publishers
_aPunjab
_c2022
300 _a216p
942 _2ddc
_cDB
999 _c144200
_d144200